|
|
|
|
| LEADER |
00000nam a22000007a 4500 |
| 005 |
20190723001340.0 |
| 007 |
cr|||| ||| |
| 008 |
190723s2018 br |||||s|||| 00||0 por d |
| 020 |
|
|
|a 978-85-7789-361-4
|
| 035 |
|
|
|a 23815
|
| 040 |
|
|
|a vLex
|
| 090 |
|
|
|c 9044
|d 9044
|
| 100 |
1 |
|
|a Beber Peroto, Rafael Oliveira
|
| 245 |
1 |
0 |
|a Advocacia de Resultado
|h [Recurso electrn̤ico] :
|b como prever o desfecho de qualquer processo /
|c Rafael Oliveira Beber Peroto
|
| 256 |
|
|
|a Servicio en ln̕ea
|
| 260 |
|
|
|a San Pablo:
|b JH Mizuno,
|c 2018
|
| 300 |
|
|
|a 1 recurso electrn̤ico
|
| 500 |
|
|
|a Trata-se de obra realmente inovadora e n︢ica no mercado jurd̕ico brasileiro. O autor buscou os conhecimentos das prt̀icas de gerenciamento de projetos, utilizadas especialmente nas r̀eas de engenharia e tecnologia da informaȯ̂ para dar efetividade e seguranȧ aos empreendimentos e sistemas que serô executados, e demonstrou como referido saber pode ser seguido para maximizar as chances de resultados positivos em demandas judiciais. O livro ̌fruto de mais de dois anos de estudos aprofundados sobre o tema, seguindo a metodologia publicada pelo PMI (Project Management Institute) sediado na Filadľfia, em Pensilvńia (Estados Unidos), o qual possui mais de 50 anos e 700.000 membros. Alm̌ de apresentar, de forma simples e direta, as tčnicas de gerenciamento de projetos para aqueles que nô sô afetos a este conhecimento, o autor demonstra como elas podem ser aplicadas no gerenciamento de demandas judiciais, apresentando queste̳s prt̀icas e casos pb︢licos. A obra ̌alicerȧda nos preceitos do Direito Processual Civil, porm̌ tambm̌ cita outras r̀eas do Direito. Certamente este conhecimento ̌um grande diferencial em uma disputa judicial, sendo uma obra moderna, prt̀ica e disruptiva.
|
| 506 |
1 |
|
|a Disponible solo en los productos indicados
|d vLex Global
|d vLex Global (Academic Edition, excluding Law Schools)
|d vLex Global (U.S. Academic Edition, Law Schools)
|d vLex Global (U.S. Academic Edition, excluding Law Schools)
|d vLex Global (Academic Edition, Law Schools)
|
| 650 |
0 |
4 |
|a Procedimiento Civil
|z Brasil
|
| 740 |
0 |
|
|a vLex Libros (Servicio en ln̕ea)
|
| 856 |
4 |
0 |
|u http://vlex.com/source/advocacia-de-resultado-como-prever-o-desfecho-de-qualquer-processo-23815
|z Acceso restringido
|
| 942 |
|
|
|c BOOK
|
| 999 |
0 |
|
|a Civil Procedure
|